Donde viven los monstruos / (Registro nro. 13316)

Detalles MARC
000 -LIDER
fixed length control field 01003nam a22002897a 4500
003 - IDENTIFICACDOR DE NÚMERO DE CONTROL
control field DO-SdBPM
005 - DATE AND TIME OF LATEST TRANSACTION
control field 20250210114606.0
008 - ELEMENTOS DE LONGITUD FIJA
fixed length control field 170117b 2007 xx |||| 00| 0 spa d
020 ## - ISBN
International Standard Book Number 9780064431781
040 ## - FUENTE DE CATALOGACIÓN
Agencia que crea de manera original el registro DO-SdBPM
Idioma de catalogación spa
Agencia que realiza la transcripción BPMSU
082 #4 - NÚMERO DE CLASIFICACIÓN DECIMAL DE DEWEY
Classification number 813.5
Item number S474d 2007
Edition number 22
100 1# - ASIENTO PRINCIPAL -- NOMBRE PERSONAL
Nombre personal Sendak , Maurice
Fechas asociadas con el nombre 1928-2012
240 10 - TITULO UNIFORME
Título uniforme Where the wild things are.
Idioma de una obra Español
245 10 - MENCIÓN DE TITULO
Título Donde viven los monstruos /
Mención de responsabilidad texto e ilustraciones de Maurice Sendak ; traducción de Teresa Mlawer.
260 ## - PUBLICACIÓN, DISTRIBUCIÓN, ETC. (PIE DE IMPRENTA)
Lugar de publicación, distribución, etc Buenos Aires :
Nombre del editor, distribuidor, etc. Santillana ,
Fecha de publicación, distribución, etc 2007.
300 ## - DESCRIPCIÓN FÍSICA
Extensión [21] p. :
Otros detalles físicos il. ;
Dimensiones 23 cm.
490 0# - MENCIÓN DE SERIES
Mención de serie Harper Arco Iris
586 ## - AWARDS NOTE
Awards note Ganador de la Medalla Caldecott
590 ## - NOTA LOCAL
Texto de la nota local Inventariado, 2025/VM
650 #4 - ENCABEZAMIENTO DE MATERIA--TEMÁTICO
Término temático o nombre geográfico como elemento de entrada Cuentos infantiles estadounidenses
650 #4 - ENCABEZAMIENTO DE MATERIA--TEMÁTICO
Término temático o nombre geográfico como elemento de entrada Monstruos
Subdivisión de forma Cuentos infantiles
650 #4 - ENCABEZAMIENTO DE MATERIA--TEMÁTICO
Término temático o nombre geográfico como elemento de entrada Libros ilustrados para niños
700 1# - ASIENTO SECUNDARIO -- NOMBRE PERSONAL
Nombre personal Sendak, Maurice,
Mención de responsabilidad ilustración
700 1# - ASIENTO SECUNDARIO -- NOMBRE PERSONAL
Nombre personal Mlawer, Teresa,
Mención de responsabilidad traductor
910 ## - VALIDACIÓN
Validación VMateo V. Control de calidad. BPMSU
942 ## - ADDED ENTRY ELEMENTS (KOHA)
Source of classification or shelving scheme Dewey Decimal Classification
Koha item type Libros
Existencias
Withdrawn status Lost status Source of classification or shelving scheme Damaged status Not for loan Collection code Home library Current library Date acquired Total Checkouts Full call number Barcode Date last seen Price effective from Koha item type Source of acquisition Copy number
    Dewey Decimal Classification     Colección Infantil General Biblioteca Pública Metropolitana Salomé Ureña Biblioteca Pública Metropolitana Salomé Ureña 02/20/2018   BPMSU CGI 813.5 S474d 2007 BPMSU18020182 02/20/2018 02/20/2018 Libros    
    Dewey Decimal Classification     Colección Infantil General Biblioteca Pública Metropolitana Salomé Ureña Biblioteca Pública Metropolitana Salomé Ureña 02/20/2018   BPMSU CGI 813.5 S474d 2007 BPMSU25030062 03/10/2025 02/20/2018 Libros ALFAGUARA e.2